[Event "Gibraltar Masters 14th"]
[Site "Caleta"]
[Date "2016.01.29"]
[Round "4"]
[White "Carlsten, Peter"]
[Black "Goncalves, Jose Antonio Silvei"]
[Result "0-1"]
[WhiteElo "2074"]
[BlackElo "1984"]
[PlyCount "66"]
[EventDate "2016.01.26"]
[EventType "swiss"]
[EventRounds "10"]
[EventCountry "GGB"]
[SourceTitle "CBM 171"]
[Source "ChessBase"]
[SourceDate "2016.03.14"]
[SourceVersion "2"]
[SourceVersionDate "2016.03.14"]
[SourceQuality "1"]

1. e4 e5 2. d4 exd4 3. Qxd4 Nc6 4. Qe3 Be7 5. Nc3 Nf6 6. Bc4 Nb4 7. Bb3 d5 8. exd5 Nbxd5 9. Nxd5 Nxd5 10. Qf3 c6 11. Bd2 Be6 12. 0-0-0 Qb6 13. Ne2 0-0 14. c3 a5 15. Nd4 a4 16. Bc2 Nb4 17. Nxe6 Nxa2+ 18. Kb1 Ba3 19. b4 Nxb4 20. cxb4 Bxb4 21. Bxb4 Qxb4+ 22. Ka1 fxe6 23. Qd3 g6 24. Rb1 Qe7 25. f3 b5 26. Qc3 Rfb8 27. Be4 b4 28. Qb2 b3 29. Bxc6 Ra6 30. Be4 Qb4 31. Rhd1 a3 32. Qd4 b2+ 33. Ka2 Qb3# 0-1

[Event "Gibraltar Challengers-A 14th"]
[Site "Caleta"]
[Date "2016.01.29"]
[Round "5"]
[White "Goncalves, Jose Antonio Silvei"]
[Black "Slinger, Tony J"]
[Result "0-1"]
[WhiteElo "1984"]
[BlackElo "1915"]
[PlyCount "52"]
[EventDate "2016.01.25"]
[EventType "swiss"]
[EventRounds "5"]
[EventCountry "GGB"]
[SourceTitle "CBM 170 Extra"]
[Source "ChessBase"]
[SourceDate "2016.02.25"]
[SourceVersion "1"]
[SourceVersionDate "2016.02.25"]
[SourceQuality "1"]

1. d4 d5 2. c4 c6 3. Nf3 Nf6 4. Nc3 dxc4 5. a4 Bf5 6. e3 e6 7. Bxc4 Bb4 8. 0-0 Nbd7 9. Qe2 Bg6 10. Rd1 0-0 11. Na2 Be7 12. Bd2 Re8 13. Nb4 a5 14. Nd3 Qc7 15. Nf4 Bd6 16. Nxg6 hxg6 17. Ng5 Bxh2+ 18. Kh1 Bd6 19. e4 Bf4 20. Nf3 Bxd2 21. Rxd2 c5 22. Rc2 Qb6 23. Bb5 Re7 24. Rd1 cxd4 25. Rxd4 Nf8 26. Ne5 Qxd4 0-1

[Event "Gibraltar Challengers-A 14th"]
[Site "Caleta"]
[Date "2016.01.28"]
[Round "4"]
[White "Lafortune, Emerick"]
[Black "Goncalves, Jose Antonio Silvei"]
[Result "1-0"]
[WhiteElo "1923"]
[BlackElo "1984"]
[PlyCount "75"]
[EventDate "2016.01.25"]
[EventType "swiss"]
[EventRounds "5"]
[EventCountry "GGB"]
[SourceTitle "CBM 170 Extra"]
[Source "ChessBase"]
[SourceDate "2016.02.25"]
[SourceVersion "1"]
[SourceVersionDate "2016.02.25"]
[SourceQuality "1"]

1. Nf3 d5 2. c4 d4 3. g3 c5 4. e3 Nc6 5. exd4 Nxd4 6. Nxd4 Qxd4 7. Nc3 Nf6 8. d3 Bg4 9. Qa4+ Bd7 10. Qc2 Bc6 11. Rg1 e5 12. Be3 Qd7 13. 0-0-0 Be7 14. Bg2 0-0 15. Bxc6 Qxc6 16. Qe2 Rfe8 17. f3 a6 18. g4 b5 19. g5 Nh5 20. Rg4 Bd8 21. Qf2 Rc8 22. Nd5 f5 23. gxf6 Nxf6 24. Nxf6+ Bxf6 25. Rdg1 Re7 26. h4 Rf8 27. Bxc5 Bxh4 28. Qg2 Qh6+ 29. Kb1 Rff7 30. Bxe7 Bxe7 31. Qf2 Qc6 32. Qg3 g6 33. Qxe5 Bd6 34. Qe4 Qd7 35. b3 Kf8 36. Qa8+ Ke7 37. Qd5 Rf5 38. Qd4 1-0

[Event "Gibraltar Challengers-A 14th"]
[Site "Caleta"]
[Date "2016.01.27"]
[Round "3"]
[White "Goncalves, Jose Antonio Silvei"]
[Black "Ajele, Rotimi"]
[Result "0-1"]
[WhiteElo "1984"]
[BlackElo "2163"]
[PlyCount "84"]
[EventDate "2016.01.25"]
[EventType "swiss"]
[EventRounds "5"]
[EventCountry "GGB"]
[SourceTitle "CBM 170 Extra"]
[Source "ChessBase"]
[SourceDate "2016.02.25"]
[SourceVersion "1"]
[SourceVersionDate "2016.02.25"]
[SourceQuality "1"]

1. d4 Nf6 2. c4 g6 3. Nc3 d5 4. cxd5 Nxd5 5. e4 Nxc3 6. bxc3 Bg7 7. Bc4 c5 8. Be3 Nc6 9. Ne2 0-0 10. Qd2 Qa5 11. Rd1 Rd8 12. h4 Ne5 13. Bd5 e6 14. dxe5 exd5 15. exd5 Bxe5 16. Bf4 Bg7 17. c4 Qa4 18. Bc7 Re8 19. Rc1 b5 20. 0-0 bxc4 21. d6 Bd7 22. Nc3 Qc6 23. h5 Re5 24. h6 Bf8 25. Rcd1 Rae8 26. Nd5 R8e6 27. f4 Re2 28. Qc3 Bxh6 29. f5 Be3+ 30. Kh2 gxf5 31. Rxf5 Rh6+ 32. Kg3 Rg6+ 33. Kh4 Bd4 34. Qf3 Bxf5 35. Qxf5 Kg7 36. d7 Rgxg2 37. d8Q Qh6+ 38. Qh5 Re4+ 39. Nf4 Rxf4+ 40. Kh3 Qxh5+ 41. Kxg2 Qg4+ 42. Kh1 Qh3# 0-1

[Event "Gibraltar Masters 14th"]
[Site "Caleta"]
[Date "2016.01.26"]
[Round "1"]
[White "Goncalves, Jose Antonio Silvei"]
[Black "Holm, Kristian Stuvik"]
[Result "0-1"]
[WhiteElo "1984"]
[BlackElo "2417"]
[PlyCount "104"]
[EventDate "2016.01.26"]
[EventType "swiss"]
[EventRounds "10"]
[EventCountry "GGB"]
[SourceTitle "CBM 171"]
[Source "ChessBase"]
[SourceDate "2016.03.14"]
[SourceVersion "2"]
[SourceVersionDate "2016.03.14"]
[SourceQuality "1"]

1. d4 Nf6 2. c4 g6 3. Nc3 d5 4. cxd5 Nxd5 5. e4 Nxc3 6. bxc3 Bg7 7. Bc4 c5 8. Be3 Qa5 9. Qd2 Nc6 10. Ne2 0-0 11. Rd1 Bd7 12. h4 cxd4 13. cxd4 Qxd2+ 14. Rxd2 Na5 15. Bd3 Rfc8 16. Bg5 f6 17. Bf4 Ba4 18. Rb2 e6 19. Rb4 Be8 20. 0-0 b6 21. Rb2 f5 22. Ba6 Rd8 23. Bg5 Rd7 24. Bb5 Rf7 25. exf5 gxf5 26. Bf4 Bxb5 27. Rxb5 Rd7 28. Be5 Nc6 29. Nf4 Nxe5 30. dxe5 Kf7 31. Re1 Rc8 32. Re2 Rc1+ 33. Kh2 Rc5 34. Rxc5 bxc5 35. Nh3 h6 36. f4 Bf8 37. Rc2 Rd5 38. Kg3 Rd3+ 39. Kf2 Be7 40. Ke2 Rg3 41. Kf1 Ke8 42. Ng1 Rg4 43. Rc4 a5 44. Nf3 Kd7 45. Kf2 Kc6 46. g3 Rg8 47. Nd2 Rb8 48. Ke3 Rb2 49. a4 Ra2 50. Ke2 Kd5 51. Rc3 c4 52. Ke3 Bc5+ 0-1

[Event "Gibraltar Challengers-A 14th"]
[Site "Caleta"]
[Date "2016.01.26"]
[Round "2"]
[White "Omoifo, Osemekhian I"]
[Black "Goncalves, Jose Antonio Silvei"]
[Result "1-0"]
[WhiteElo "2106"]
[BlackElo "1984"]
[PlyCount "91"]
[EventDate "2016.01.25"]
[EventType "swiss"]
[EventRounds "5"]
[EventCountry "GGB"]
[SourceTitle "CBM 170 Extra"]
[Source "ChessBase"]
[SourceDate "2016.02.25"]
[SourceVersion "1"]
[SourceVersionDate "2016.02.25"]
[SourceQuality "1"]

1. Nf3 d5 2. d4 e6 3. e3 c5 4. c4 Nf6 5. Nc3 Nc6 6. a3 a6 7. dxc5 Bxc5 8. b4 Be7 9. Bb2 0-0 10. cxd5 exd5 11. Be2 Be6 12. Nd4 Nxd4 13. Qxd4 Qd7 14. 0-0 Rfd8 15. Rfd1 Ne8 16. Bf3 Bf6 17. Qd2 Nd6 18. Rac1 Nc4 19. Qe2 Nxb2 20. Qxb2 Rac8 21. Qd2 Rxc3 22. Rxc3 Bxc3 23. Qxc3 Qc6 24. Qxc6 bxc6 25. Rc1 Bd7 26. Rc5 Kf8 27. Kf1 Ke7 28. Ke2 Rb8 29. Kd2 Rb5 30. Be2 Rxc5 31. bxc5 Bc8 32. Kc3 Kf6 33. Kb4 Ke5 34. Bd3 g5 35. g3 g4 36. Ka5 d4 37. Kb6 dxe3 38. fxe3 Kd5 39. Bxh7 Be6 40. e4+ Kd4 41. Kxc6 Ke3 42. Kb7 Kf2 43. Bf5 Kg2 44. Bxe6 fxe6 45. c6 Kxh2 46. c7 1-0

[Event "Pan American-ch Seniors 50"]
[Site "Sao Paulo"]
[Date "2014.12.21"]
[Round "7"]
[White "Goncalves, Jose Antonio Silvei"]
[Black "Larrea, Osvaldo"]
[Result "1/2-1/2"]
[WhiteElo "2020"]
[BlackElo "1711"]
[PlyCount "28"]
[EventDate "2014.12.17"]
[EventType "swiss"]
[EventRounds "7"]
[EventCountry "BRA"]
[SourceTitle "CBM 164 Extra"]
[Source "ChessBase"]
[SourceDate "2015.03.02"]
[SourceVersion "1"]
[SourceVersionDate "2015.03.02"]
[SourceQuality "1"]

1. e4 b6 2. d4 Bb7 3. Bd3 e6 4. Nf3 g6 5. Bg5 Be7 6. Bxe7 Qxe7 7. c3 d6 8. Nbd2 Nd7 9. Qe2 e5 10. 0-0 Ngf6 11. b4 0-0 12. a3 Nh5 13. g3 Ng7 14. Rae1 a5 1/2-1/2

[Event "Pan American-ch Seniors 50"]
[Site "Sao Paulo"]
[Date "2014.12.20"]
[Round "6"]
[White "De Oliveira, Francemir Barra"]
[Black "Goncalves, Jose Antonio Silvei"]
[Result "1-0"]
[WhiteElo "1751"]
[BlackElo "2020"]
[PlyCount "81"]
[EventDate "2014.12.17"]
[EventType "swiss"]
[EventRounds "7"]
[EventCountry "BRA"]
[SourceTitle "CBM 164 Extra"]
[Source "ChessBase"]
[SourceDate "2015.03.02"]
[SourceVersion "1"]
[SourceVersionDate "2015.03.02"]
[SourceQuality "1"]

1. e4 c6 2. d4 d5 3. exd5 cxd5 4. c4 Nc6 5. Be3 Nf6 6. Nc3 e6 7. a3 Be7 8. c5 e5 9. b4 0-0 10. Nf3 exd4 11. Nxd4 Nxd4 12. Bxd4 Be6 13. Bd3 Qc7 14. Rc1 Rfe8 15. 0-0 Rad8 16. f3 Qf4 17. Kh1 Kh8 18. Ne2 Qh4 19. g3 Qh6 20. Nf4 Nh5 21. Nxh5 Qxh5 22. g4 Qh3 23. Rg1 Bg5 24. Rc2 Bf4 25. Rcg2 Kg8 26. Bf1 Qh4 27. Bf2 Qf6 28. g5 Qc3 29. Bd4 Qxa3 30. Bxg7 Qxb4 31. Bf6 Rd7 32. Bd3 Bh3 33. Rc2 Rc7 34. Re2 Rec8 35. Bb1 Qa3 36. Rc2 Rxc5 37. Re1 Rxc2 38. Bxc2 Qd6 39. Qd3 Rxc2 40. Re8+ Qf8 41. Rxf8+ 1-0

[Event "Pan American-ch Seniors 50"]
[Site "Sao Paulo"]
[Date "2014.12.20"]
[Round "5"]
[White "Goncalves, Jose Antonio Silvei"]
[Black "Farias, Edilsom"]
[Result "1-0"]
[WhiteElo "2020"]
[BlackElo "1933"]
[PlyCount "103"]
[EventDate "2014.12.17"]
[EventType "swiss"]
[EventRounds "7"]
[EventCountry "BRA"]
[SourceTitle "CBM 164 Extra"]
[Source "ChessBase"]
[SourceDate "2015.03.02"]
[SourceVersion "1"]
[SourceVersionDate "2015.03.02"]
[SourceQuality "1"]

1. e4 e5 2. Nf3 Nc6 3. d4 exd4 4. Nxd4 Nf6 5. Nxc6 bxc6 6. e5 Nd5 7. c4 Bb4+ 8. Bd2 Bxd2+ 9. Qxd2 Nb6 10. Bd3 0-0 11. 0-0 d6 12. Rd1 Be6 13. Qc2 Qh4 14. c5 dxc5 15. Qxc5 Nd5 16. Nc3 Nxc3 17. Qxc3 Bd5 18. Be2 Qg5 19. Qg3 Qxg3 20. hxg3 Rfe8 21. f4 f6 22. Bb5 Rab8 23. Rxd5 Rxb5 24. Rxb5 cxb5 25. Rc1 Re7 26. exf6 gxf6 27. Rc5 b4 28. Kf2 Kf7 29. Rc4 a5 30. Rc5 Rd7 31. Ke2 a4 32. Rc4 b3 33. axb3 axb3 34. Rc3 Re7+ 35. Kd3 Kg6 36. Rxb3 Rd7+ 37. Ke2 Kf5 38. Kf3 h5 39. Rc3 Rd2 40. b4 Rb2 41. Rc5+ Kg6 42. b5 Rb3+ 43. Kf2 Rb2+ 44. Kg1 Rb1+ 45. Kh2 Kh6 46. g4 hxg4 47. Kg3 Rb2 48. Kxg4 Rxg2+ 49. Kf5 Rg7 50. Kxf6 Rg6+ 51. Ke5 Rb6 52. Rc6+ 1-0

[Event "Pan American-ch Seniors 50"]
[Site "Sao Paulo"]
[Date "2014.12.19"]
[Round "4"]
[White "Goncalves, Jose Antonio Silvei"]
[Black "Caribe Santos, Luiz Carlos"]
[Result "1-0"]
[WhiteElo "2020"]
[BlackElo "1584"]
[PlyCount "66"]
[EventDate "2014.12.17"]
[EventType "swiss"]
[EventRounds "7"]
[EventCountry "BRA"]
[SourceTitle "CBM 164 Extra"]
[Source "ChessBase"]
[SourceDate "2015.03.02"]
[SourceVersion "1"]
[SourceVersionDate "2015.03.02"]
[SourceQuality "1"]

1. e4 c5 2. Nc3 Nc6 3. g3 Nf6 4. Bg2 e5 5. d3 a6 6. a4 d6 7. Nge2 Bg4 8. h3 Be6 9. f4 g6 10. g4 exf4 11. Nxf4 Qd7 12. g5 Ng8 13. Nfd5 Qd8 14. Be3 Bg7 15. Qd2 Bxd5 16. Nxd5 Nge7 17. Nf6+ Bxf6 18. gxf6 Ng8 19. 0-0 h5 20. d4 cxd4 21. Bxd4 Nxd4 22. Qxd4 Qc7 23. e5 dxe5 24. Rae1 Nh6 25. Rxe5+ Kf8 26. Rfe1 Kg8 27. Rc5 Qg3 28. Re3 Qb8 29. Rb3 Nf5 30. Qd2 Ra7 31. Rxf5 gxf5 32. Qg5+ Kf8 33. Qg7+ Ke8 1-0

[Event "Pan American-ch Seniors 50"]
[Site "Sao Paulo"]
[Date "2014.12.18"]
[Round "3"]
[White "Serafim Junior, Arnor"]
[Black "Goncalves, Jose Antonio Silvei"]
[Result "1/2-1/2"]
[WhiteElo "1832"]
[BlackElo "2020"]
[PlyCount "68"]
[EventDate "2014.12.17"]
[EventType "swiss"]
[EventRounds "7"]
[EventCountry "BRA"]
[SourceTitle "CBM 164 Extra"]
[Source "ChessBase"]
[SourceDate "2015.03.02"]
[SourceVersion "1"]
[SourceVersionDate "2015.03.02"]
[SourceQuality "1"]

1. Nf3 Nf6 2. g3 b6 3. Bg2 Bb7 4. 0-0 c5 5. c4 e6 6. Nc3 Be7 7. d3 0-0 8. Bf4 d6 9. Re1 Qd7 10. e4 e5 11. Bg5 Nc6 12. a3 Ne8 13. Bd2 Nc7 14. Rb1 Ne6 15. Nd5 Ncd4 16. b4 Bc6 17. b5 Bxd5 18. exd5 Nxf3+ 19. Bxf3 Nd4 20. Bg2 Bf6 21. h4 a6 22. a4 axb5 23. axb5 Ra3 24. Be3 Rfa8 25. Be4 g6 26. Kg2 h5 27. Bxd4 exd4 28. Rb3 Ra2 29. Re2 Qa7 30. Rbb2 Rxb2 31. Rxb2 Qa1 32. Qxa1 Rxa1 33. Kf3 Be5 34. Kg2 f5 1/2-1/2

[Event "Pan American-ch Seniors 50"]
[Site "Sao Paulo"]
[Date "2014.12.17"]
[Round "1"]
[White "Cummings, David H"]
[Black "Goncalves, Jose Antonio Silvei"]
[Result "1-0"]
[WhiteElo "2311"]
[BlackElo "2020"]
[PlyCount "53"]
[EventDate "2014.12.17"]
[EventType "swiss"]
[EventRounds "7"]
[EventCountry "BRA"]
[SourceTitle "CBM 164 Extra"]
[Source "ChessBase"]
[SourceDate "2015.03.02"]
[SourceVersion "1"]
[SourceVersionDate "2015.03.02"]
[SourceQuality "1"]

1. d4 b6 2. e4 Bb7 3. Bd3 e6 4. Nf3 c5 5. c3 c4 6. Bc2 d5 7. e5 Nc6 8. Nbd2 f6 9. exf6 gxf6 10. Qe2 Qe7 11. b3 b5 12. Nf1 Bh6 13. Ne3 0-0-0 14. a4 a6 15. axb5 axb5 16. bxc4 bxc4 17. Ba3 Qg7 18. 0-0 Nge7 19. Rfb1 Rhg8 20. g3 Ng6 21. Ng2 Qd7 22. Rb6 Kc7 23. Rab1 Rb8 24. Ba4 Ba8 25. Qb2 Nge7 26. Bxe7 Qxe7 27. Bxc6 1-0

[Event "Gibraltar Masters 12th"]
[Site "Caleta"]
[Date "2014.02.06"]
[Round "10"]
[White "Weichelt, Jens"]
[Black "Goncalves, Jose Antonio Silvei"]
[Result "1/2-1/2"]
[WhiteElo "2116"]
[BlackElo "1999"]
[PlyCount "61"]
[EventDate "2014.01.28"]
[EventType "swiss"]
[EventRounds "10"]
[EventCountry "GGB"]
[SourceTitle "CBM 159"]
[Source "ChessBase"]
[SourceDate "2014.03.17"]
[SourceVersion "1"]
[SourceVersionDate "2014.03.17"]
[SourceQuality "1"]

1. d4 Nf6 2. c4 e6 3. Nf3 b6 4. g3 Bb7 5. Bg2 Be7 6. Nc3 Ne4 7. Qc2 Nxc3 8. Qxc3 0-0 9. 0-0 f5 10. b3 Bf6 11. Bb2 d6 12. Qd2 Nd7 13. e3 Qe8 14. Qe2 Qh5 15. Rfe1 Rae8 16. Nd2 Qxe2 17. Rxe2 Bxg2 18. Kxg2 e5 19. dxe5 Bxe5 20. Bxe5 Nxe5 21. Nf3 Nxf3 22. Kxf3 Re4 23. Rd2 Rfe8 24. Rad1 Kf7 25. Rd4 Kf6 26. Rxe4 Rxe4 27. Ke2 Re5 28. Rd4 g6 29. Rh4 h5 30. Rd4 a5 31. a3 1/2-1/2

[Event "Gibraltar Masters 12th"]
[Site "Caleta"]
[Date "2014.02.02"]
[Round "6"]
[White "Goncalves, Jose Antonio Silvei"]
[Black "Veltkamp, Gerben"]
[Result "0-1"]
[WhiteElo "1999"]
[BlackElo "2202"]
[PlyCount "54"]
[EventDate "2014.01.28"]
[EventType "swiss"]
[EventRounds "10"]
[EventCountry "GGB"]
[SourceTitle "CBM 159"]
[Source "ChessBase"]
[SourceDate "2014.03.17"]
[SourceVersion "1"]
[SourceVersionDate "2014.03.17"]
[SourceQuality "1"]

1. c4 e5 2. Nc3 Nc6 3. g3 Bc5 4. Bg2 d6 5. Nf3 f5 6. d3 Nf6 7. 0-0 0-0 8. e3 Bb6 9. a3 Qe8 10. Qc2 Qh5 11. Qd1 f4 12. Ne1 Bg4 13. Bf3 Rae8 14. Nd5 Bxf3 15. Nxf6+ Rxf6 16. Qxf3 Qxf3 17. Nxf3 fxg3 18. fxg3 Ref8 19. Kg2 e4 20. Nd2 Rxf1 21. Nxf1 exd3 22. Bd2 Ne5 23. b3 Ng4 24. h3 Nf2 25. Rc1 Ne4 26. Be1 d2 27. Bxd2 Nxd2 0-1

[Event "Gibraltar Masters 12th"]
[Site "Caleta"]
[Date "2014.01.31"]
[Round "4"]
[White "Goncalves, Jose Antonio Silvei"]
[Black "Sanchez Castillo, Sarai Carolina"]
[Result "0-1"]
[WhiteElo "1999"]
[BlackElo "2219"]
[PlyCount "80"]
[EventDate "2014.01.28"]
[EventType "swiss"]
[EventRounds "10"]
[EventCountry "GGB"]
[SourceTitle "CBM 159"]
[Source "ChessBase"]
[SourceDate "2014.03.17"]
[SourceVersion "1"]
[SourceVersionDate "2014.03.17"]
[SourceQuality "1"]

1. d4 d5 2. c4 c6 3. cxd5 cxd5 4. Nc3 Nc6 5. Nf3 Nf6 6. Bf4 g6 7. h3 Bg7 8. e3 a6 9. Bd3 0-0 10. 0-0 b5 11. Ne5 Bb7 12. Nxc6 Bxc6 13. Be5 Nd7 14. Bxg7 Kxg7 15. a4 Qb6 16. a5 Qc7 17. b4 Qd6 18. Qb3 Rac8 19. Qb2 Nf6 20. Ne2 Bd7 21. Rac1 Bf5 22. Rxc8 Rxc8 23. Rc1 Bxd3 24. Rxc8 Bxe2 25. Qxe2 Qxb4 26. Qa2 e6 27. Qa1 Ne4 28. Rc2 h5 29. Kf1 Nd2+ 30. Ke2 Nc4 31. Qc3 Qa4 32. Rc1 b4 33. Ra1 Qb5 34. Qd3 b3 35. Rb1 b2 36. Kd1 Qxa5 37. Qc2 Qb4 38. Ke2 a5 39. e4 a4 40. exd5 exd5 0-1

[Event "Gibraltar Masters 12th"]
[Site "Caleta"]
[Date "2014.01.29"]
[Round "2"]
[White "Goncalves, Jose Antonio Silvei"]
[Black "Gokhvat, Peter"]
[Result "0-1"]
[WhiteElo "1999"]
[BlackElo "2268"]
[PlyCount "84"]
[EventDate "2014.01.28"]
[EventType "swiss"]
[EventRounds "10"]
[EventCountry "GGB"]
[SourceTitle "CBM 159"]
[Source "ChessBase"]
[SourceDate "2014.03.17"]
[SourceVersion "1"]
[SourceVersionDate "2014.03.17"]
[SourceQuality "1"]

1. d4 Nf6 2. c4 c5 3. d5 e5 4. Nc3 d6 5. e4 Be7 6. Be2 Nbd7 7. Nf3 Nf8 8. 0-0 Ng6 9. Re1 0-0 10. h3 h6 11. Nh2 Nh7 12. Bg4 Bg5 13. Ne2 Bf4 14. Qd3 Bxh2+ 15. Kxh2 Bxg4 16. hxg4 Qh4+ 17. Kg1 Qxg4 18. Ng3 Nh4 19. Qe2 Qxe2 20. Rxe2 f5 21. Nxf5 Nxf5 22. exf5 Rxf5 23. b4 cxb4 24. Rb1 Rc8 25. Rxb4 b6 26. a4 Nf6 27. a5 Nxd5 28. Rb3 Rxc4 29. Ba3 bxa5 30. Bxd6 e4 31. Rb8+ Kh7 32. Rb7 Rc1+ 33. Kh2 Nf6 34. Rxa7 Rh5+ 35. Kg3 Rg5+ 36. Kf4 Nd5+ 37. Kxe4 Nc3+ 38. Ke3 Nxe2 39. Kxe2 Rxg2 40. Kf3 Rg5 41. Bf4 Rc3+ 42. Ke4 Rc4+ 0-1

[Event "Gibraltar Masters 12th"]
[Site "Caleta"]
[Date "2014.01.28"]
[Round "1"]
[White "Guo, Qi"]
[Black "Goncalves, Jose Antonio Silvei"]
[Result "1-0"]
[WhiteElo "2451"]
[BlackElo "1999"]
[PlyCount "35"]
[EventDate "2014.01.28"]
[EventType "swiss"]
[EventRounds "10"]
[EventCountry "GGB"]
[SourceTitle "CBM 159"]
[Source "ChessBase"]
[SourceDate "2014.03.17"]
[SourceVersion "1"]
[SourceVersionDate "2014.03.17"]
[SourceQuality "1"]

1. d4 Nf6 2. Nf3 e6 3. c4 b6 4. g3 Ba6 5. Qa4 Be7 6. Bg2 Bb7 7. 0-0 0-0 8. Rd1 Qc8 9. Bf4 c5 10. dxc5 Qxc5 11. Be3 Qc7 12. Nc3 Bc6 13. Qc2 b5 14. cxb5 Bxb5 15. Bf4 Qc8 16. e4 Rd8 17. e5 Ne8 18. Ng5 1-0

[Event "Lugano op 18th"]
[Site "Lugano"]
[Date "2013.11.03"]
[Round "7"]
[White "Boschetti, Claudio"]
[Black "Goncalves, Jose Antonio Silvei"]
[Result "1-0"]
[WhiteElo "2147"]
[BlackElo "2027"]
[PlyCount "59"]
[EventDate "2013.10.31"]
[EventType "swiss"]
[EventRounds "7"]
[EventCountry "SUI"]
[SourceTitle "EXT 2014"]
[Source "ChessBase"]
[SourceDate "2013.11.20"]
[SourceVersion "1"]
[SourceVersionDate "2013.11.20"]
[SourceQuality "1"]

1. e4 e5 2. Bc4 Nf6 3. d3 c6 4. Nf3 d5 5. Bb3 Bd6 6. Nc3 dxe4 7. dxe4 0-0 8. h3 h6 9. Qe2 Qe7 10. g4 Nbd7 11. g5 hxg5 12. Bxg5 Nc5 13. 0-0-0 Nxb3+ 14. axb3 Qe6 15. Nh4 Nh7 16. Be3 Qf6 17. Qh5 Be7 18. Nf5 Bxf5 19. exf5 Qh4 20. Qe2 Bg5 21. Rdg1 Bxe3+ 22. fxe3 Nf6 23. Rg2 Kh7 24. Rhg1 Rg8 25. Rg5 g6 26. Qf1 Rae8 27. Kb1 e4 28. fxg6+ Rxg6 29. R1g4 Qxg4 30. Rxg4 1-0

[Event "Lugano op 18th"]
[Site "Lugano"]
[Date "2013.11.03"]
[Round "6"]
[White "Goncalves, Jose Antonio Silvei"]
[Black "Ruffenach, Alain"]
[Result "1/2-1/2"]
[WhiteElo "2027"]
[BlackElo "1918"]
[PlyCount "94"]
[EventDate "2013.10.31"]
[EventType "swiss"]
[EventRounds "7"]
[EventCountry "SUI"]
[SourceTitle "EXT 2014"]
[Source "ChessBase"]
[SourceDate "2013.11.20"]
[SourceVersion "1"]
[SourceVersionDate "2013.11.20"]
[SourceQuality "1"]

1. d4 c5 2. d5 e5 3. c4 d6 4. Nc3 Nf6 5. e4 g6 6. Nge2 Bg7 7. Ng3 0-0 8. Bd3 a6 9. Bd2 Nbd7 10. Qc1 Ne8 11. Bg5 f6 12. Bh6 Qe7 13. h4 Bxh6 14. Qxh6 Qg7 15. Qd2 h5 16. 0-0-0 Nc7 17. Qe2 b5 18. Nf1 bxc4 19. Bxc4 Nb5 20. Nxb5 axb5 21. Bxb5 Rxa2 22. Ne3 Nb6 23. Kc2 Bd7 24. Ra1 Rfa8 25. Rxa2 Rxa2 26. Rb1 Qe7 27. Nd1 Qe8 28. Nc3 Ra5 29. Bxd7 Qxd7 30. f3 Na4 31. Qc4 f5 32. Qb3 Qa7 33. Ra1 Nxc3 34. Rxa5 Qxa5 35. bxc3 Kg7 36. Qb7+ Kf6 37. Qb8 Qa2+ 38. Kc1 Qa3+ 39. Kd2 Qa2+ 40. Ke1 Qa1+ 41. Kf2 Kg7 42. Qc7+ Kh6 43. Qxd6 Qxc3 44. Qf8+ Kh7 45. Qf7+ Kh6 46. Qf8+ Kh7 47. Qf7+ Kh6 1/2-1/2

[Event "Lugano op 18th"]
[Site "Lugano"]
[Date "2013.11.02"]
[Round "5"]
[White "Goncalves, Jose Antonio Silvei"]
[Black "Ernst, Rolf"]
[Result "1-0"]
[WhiteElo "2027"]
[BlackElo "2099"]
[PlyCount "141"]
[EventDate "2013.10.31"]
[EventType "swiss"]
[EventRounds "7"]
[EventCountry "SUI"]
[SourceTitle "EXT 2014"]
[Source "ChessBase"]
[SourceDate "2013.11.20"]
[SourceVersion "1"]
[SourceVersionDate "2013.11.20"]
[SourceQuality "1"]

1. d4 Nf6 2. c4 g6 3. Nc3 d5 4. cxd5 Nxd5 5. e4 Nxc3 6. bxc3 Bg7 7. Bc4 0-0 8. Ne2 c5 9. Be3 Nc6 10. 0-0 Bd7 11. Qd2 Na5 12. Bd3 Qc7 13. Rac1 b6 14. Bh6 Rad8 15. Bxg7 Kxg7 16. Qg5 f6 17. Qh4 e5 18. Qg3 c4 19. Bc2 Rde8 20. f4 Nc6 21. fxe5 fxe5 22. d5 Nd8 23. Nd4 Qc5 24. Rxf8 Kxf8 25. Qf2+ Ke7 26. Nf3 Qxf2+ 27. Kxf2 Rf8 28. Ke3 Kd6 29. Nd2 Kc5 30. Rb1 Nb7 31. Nf3 Re8 32. Rf1 Rf8 33. Rb1 Kd6 34. Rb4 Na5 35. Ba4 Bg4 36. Nd2 Bd7 37. Bxd7 Kxd7 38. Nxc4 Nxc4+ 39. Rxc4 Rf1 40. Rb4 Rc1 41. Rb3 Rc2 42. Ra3 a5 43. Kf3 Kc7 44. h3 Rd2 45. c4 Rc2 46. h4 Rxc4 47. Re3 b5 48. Re2 b4 49. Kg4 Kd6 50. Kg5 a4 51. Kh6 Rc7 52. Rb2 Rb7 53. Kg5 Kc5 54. Kf6 Kd4 55. d6 Kc3 56. Rf2 b3 57. axb3 axb3 58. Kxe5 b2 59. Rxb2 Kxb2 60. Kd5 Kc3 61. Kc6 Ra7 62. e5 Kd4 63. e6 Ra6+ 64. Kc7 Kd5 65. e7 Rc6+ 66. Kb7 Kxd6 67. e8Q Rc7+ 68. Kb6 Re7 69. Qb8+ Ke6 70. Kc6 Rf7 71. Qd6+ 1-0

[Event "Sao Paulo Braga Memorial 2nd"]
[Site "Sao Paulo"]
[Date "2013.07.12"]
[Round "8"]
[White "Tsuboi, Edson Kenji"]
[Black "Goncalves, Jose Antonio Silvei"]
[Result "1-0"]
[WhiteElo "2287"]
[BlackElo "1890"]
[PlyCount "101"]
[EventDate "2013.07.05"]
[EventType "swiss"]
[EventRounds "9"]
[EventCountry "BRA"]
[SourceTitle "CBM 155 Extra"]
[Source "ChessBase"]
[SourceDate "2013.08.26"]
[SourceVersion "1"]
[SourceVersionDate "2013.08.26"]
[SourceQuality "1"]

1. d4 Nf6 2. c4 e6 3. Nc3 d5 4. Bg5 Be7 5. Nf3 Nbd7 6. e3 0-0 7. Rc1 c6 8. Bd3 dxc4 9. Bxc4 Nd5 10. Bxe7 Qxe7 11. 0-0 Nxc3 12. Rxc3 e5 13. Bb3 c5 14. dxe5 Nxe5 15. Nxe5 Qxe5 16. Qd5 Qf6 17. Qxc5 Be6 18. e4 Rfc8 19. Qe3 Rxc3 20. bxc3 b6 21. Rd1 Bxb3 22. axb3 Rd8 23. Rd4 h6 24. h3 Rc8 25. c4 Re8 26. Rd5 Qg6 27. Rd4 Qf6 28. f4 g6 29. e5 Qe6 30. Qd3 Kg7 31. Rd6 Qc8 32. Kh2 Re7 33. Rd8 Qc7 34. Qd4 Qc5 35. Qd6 Qxd6 36. Rxd6 h5 37. Kg3 Rc7 38. Kf2 Kf8 39. Ke3 Ke7 40. Kd4 Rc5 41. b4 Rc7 42. g3 Rb7 43. b5 Rc7 44. g4 hxg4 45. hxg4 Rc8 46. Rc6 Rd8+ 47. Ke4 Rd7 48. f5 gxf5+ 49. gxf5 Ke8 50. Rc8+ Ke7 51. f6+ 1-0